000 00504nam a2200145 i 4500
001 bg
245 0 0 _aKonferencja naukowa p.t.: Podstawowe kierunki usprawniania zaopatrzenia materiałowo-technicznego oraz rozwoju zaplecza w budownictwie.
246 _aPodstawowe kierunki usprawniania zaopatrzenia materiałowo-technicznego oraz rozwoju zaplecza
260 _aKoszalin,
_c1978.
300 _a9 zeszytów.
040 _cBPK
041 _apol
942 _cKS
008 s pl f |000 0 pol
999 _c9658
_d9658
856 _uhttp://koha.tu.koszalin.pl/cgi-bin/koha/opac-detail.pl?biblionumber=9658
_yKatalog online BPK